Loading...
| History - World | 4 | 4 | 1 | 1 | 95 | 19 | 74.88 | 2 | 7 | 25.57 | 37.14 |
| History - European | 5 | 2 | 2 | 0 | 85 | 25 | 60.00 | 2 | 7 | 40.50 | 51.43 |
| Religion | 1 | 2 | 0 | 1 | 35 | 50 | 92.00 | 1 | 2 | 14.01 | 25.00 |
| Current Events | 1 | 0 | 0 | 0 | 15 | 60 | 60.00 | 0 | 0 | 7.84 | 6.12 |
| Geography | 1 | 0 | 0 | 0 | 15 | 38 | 38.00 | 1 | 1 | 9.20 | 12.50 |
| Literature - Drama | 0 | 1 | 0 | 1 | 10 | 154 | 154.00 | 0 | 0 | 0.16 | 3.57 |
| Fine Arts - Painting and Sculpture | 0 | 1 | 0 | 0 | 10 | 100 | 100.00 | 0 | 0 | 3.46 | 5.71 |
| Fine Arts - Other | 0 | 1 | 0 | 1 | 10 | 128 | 128.00 | 0 | 0 | 0.05 | 0.95 |
| History - Other | 0 | 1 | 1 | 0 | 5 | 104 | 104.00 | 0 | 0 | 3.73 | 2.38 |
| Other Academic | 0 | 1 | 1 | 0 | 5 | 145 | 145.00 | 0 | 0 | 0.65 | 4.29 |
| History - American | 0 | 0 | 1 | 0 | -5 | 0.00 | 0 | 0 | 0.00 | 0.00 | |
| Mythology | 0 | 0 | 1 | 0 | -5 | 0.00 | 0 | 0 | 0.00 | 0.00 |